00982nam a22002415i 450000100060000000300090000600500170001500700030003200800410003502000180007604000220009408000420011608000410015810000360019924501220023526001370035730000200049449000580051460000390057271000390061183000550065085200350070567158ES-MaACL20250807005413.0t|910709s1989 sp ||||0| spa d a84-7812-063-7 aM-BN bspa cM-BN a929 Armona y Murga, José Antonio de a32 Armona y Murga, José Antonio de1 aÁlvarez Barrientos, Joaquín10aJosé Antonio de Armona y Murga, corregidor de Madrid en tiempos de Carlos III / cpor Joaquín Alvarez Barrientos. aMadrid : bAyuntamiento de Madrid, Area de Cultura, Educación, Juventud y Deportes : bInstituto de Estudios Madrileños, c1989. a24 p ; c22 cm.1 aCiclo de conferencias: El Madrid de Carlos III ; v2514aArmona y Murga, José Antonio de.2 aInstituto de Estudios Madrileños00aCiclo de conferencias: El Madrid de Carlos IIIv25 aES-MaACLj2172-F-26 bR.117282